| 000 | 00496nam a2200181Ia 4500 | ||
|---|---|---|---|
| 003 | GCL | ||
| 008 | 140319s9999 xx 000 0 eng d | ||
| 040 |
_aGCL / _cGCL |
||
| 082 | 0 | 4 |
_a425 _bC C |
| 100 | 1 | _aCARPENTER,EDWIN | |
| 245 | 1 | 0 |
_aCOLLINS COBUILD ENGLISH GUIDES: 4 CONFUSABLE WORDS / _cCARPENTER,EDWIN |
| 260 |
_a[S.N] : _bHARPER COLLINS COLLEGE PUBLISBERS ، _c1995 |
||
| 300 | _a250P | ||
| 650 | 0 | 4 | _aGRAMMAR |
| 650 | 0 | 4 | _aENGLISH LANGUAGE |
| 650 | 0 | 4 | _aHOMO PHONES |
| 942 |
_2ddc _cBK |
||
| 999 |
_c11420 _d11420 |
||